000
00256nam a22001097a 4500
082
_a
511.32 DEL'S
100
_a
SELBY, SAMUEL,SWEET, L
_9
77983
245
_a
SETS RELATIONS FUNCTIONS
260
_a
NEWYORK
_b
MCGRAW HILL
_c
1969
300
_a
380P
942
_c
BK
999
_c
583147
_d
583147